000 00373nam a2200157Ia 4500
008 191201s2005 xx 000 0 und d
082 _a530
_bGUE
100 _aGUPTA, S
245 0 _aEngineering Practical Physics
250 _a4th
260 _aN.Delhi
_bPragati Prakashan Meerut
_c2005
300 _a133
650 _aApplied
700 _aKUMAR, V
942 _2ddc
_cBK
999 _c1089
_d1089